00270nam a2200109Ia 4500008004100000100001800041245003300059260002800092650001500120942000800135999001700143190216s9999||||xx |||||||||||||| ||und|| aClare Macwell 4aThe Complete Book Of Message bHindustan Publishing Co aReferences cREF c35989d35989